| 000 | 00643nam a2200229 a 4500 | ||
|---|---|---|---|
| 999 |
_c11349 _d11349 |
||
| 003 | PK-NaQUE | ||
| 005 | 20250131094849.0 | ||
| 008 | 250131b ||||| |||| 00| 0 eng d | ||
| 020 | _a0071809252 (paperback) | ||
| 020 | _a9780071809252 (paperback) | ||
| 040 | _cQUEST | ||
| 082 | _a005.133SCH | ||
| 100 | 1 | _aSchildt, Herbert. | |
| 245 | 1 | 0 | _aJava : A Beginner's Guide |
| 250 | _a4th ed. | ||
| 260 |
_aNew Delhi _bMcgraw-Hill _c2007. |
||
| 300 | _aXXIII,681 p. ; | ||
| 650 | _aJava (Computer program language) | ||
| 650 | _aInternet programming | ||
| 856 | 4 | 0 |
_uhttp://10.10.170.122:8080/browse/book/6521 _yeBook |
| 942 |
_cBK _2ddc |
||